000 00509nam a2200181Ia 4500
005 20250326123740.0
008 250326s9999 xx 000 0 und d
037 _aTextbook
040 _aFMSL
_beng
_cFMSL
041 _aeng
_2eng
084 _aL:14 L8
_qFMSL
100 _aCuming M W
_9735904
245 0 _aPersonnel management in the national health service
_cCuming M W
260 _aLondon
_bLondon, Heinemann
_c1978
300 _a270p
942 _cTB
_hL:14 L8
999 _c1270789
_d1270789